000 00352 a2200157 4500
001 57656
020 _a8500116951
040 _cAnchieta - Pituba
100 _aVerne, JĂșlio
240 1 0 _aA volta ao mundo em 80 dias
_lpor
245 1 0 _aA volta ao mundo em 80 dias
300 _a127
362 0 _a1999
650 4 _aLiteratura juvenil
942 _cBK
999 _c57656
_d57656